Estatísticas para Times da Liga BBVA MX

Clique aqui para jogar o quiz

Estatísticas Gerais

  • Esse quiz foi jogado 62 vezes
    (54 desde o último reset)
  • A pontuação média é 15 de 19

Estatísticas das Respostas

CidadeEstádioTime% Correto
Guadalajara, JAAkronGuadalajara
98%
Pachuca de Soto, HIHidalgoPachuca
98%
Tijuana, BCCalienteTijuana
98%
Monterrey, NLBBVA BancomerMonterrey
96%
Santiago de Querétaro, QUCorregidoraQuerétaro
96%
Cidade do MéxicoAztecaAmérica
94%
Morelia, MIMorelosMorelia
92%
Toluca de Lerdo, EMXNemesio DíezToluca
92%
León, GUNou CampLeón
88%
Veracruz, VELuís "Pirata" FuenteVeracruz
88%
Ciudad Juárez, CHOlímpico Benito JuárezJuárez
79%
Cidade do MéxicoAztecaCruz Azul
75%
Puebla de Zaragoza, PUCuauhtémocPuebla
73%
Guadalajara, JAJaliscoAtlas
71%
San Luís Potosí, SLPAlfonso Lastras RamírezAtlético San Luís
67%
Cidade do MéxicoOlímpico UniversitarioUNAM
65%
Aguascalientes, AGVictoriaNecaxa
56%
Torreón, COCoronaSantos Laguna
52%
San Nicolás de los Garza, NLUniversitarioTigres UANL
46%

Distribuição das Pontuações

Percentil de Números Respondidos

Porcentagem de Pessoas com Cada Pontuação

Sua Pontuação Histórica

Você não jogou esse quiz desde o último reset